|
|
|
|
| LEADER |
00000nam0a2200000 4500 |
| 001 |
350033 |
| 005 |
20231102010248.0 |
| 035 |
|
|
|a (RuTPU)RU\TPU\retro\3506
|
| 090 |
|
|
|a 350033
|
| 100 |
|
|
|a 20181107d1982 m y0rusy50 ca
|
| 101 |
0 |
|
|a rus
|
| 102 |
|
|
|a RU
|
| 105 |
|
|
|a a z 001zb
|
| 200 |
1 |
|
|a Памятник Н. С. Лескову
|e [альбом]
|f Ю. Г. Орехов, Ю. Ю. Орехов
|g сост. Н. М. Бабурина
|
| 210 |
|
|
|a Москва
|c Советский художник
|d 1982
|
| 215 |
|
|
|a 16 с.
|c ил.
|
| 225 |
1 |
|
|a Художник и мир. Скульптура
|
| 600 |
|
1 |
|a Лесков
|b Н. С.
|c русский писатель
|f 1831-1895
|g Николай Семенович
|2 stltpush
|3 (RuTPU)RU\TPU\pers\6063
|9 1188
|
| 606 |
1 |
|
|a Скульпторы
|2 stltpush
|3 (RuTPU)RU\TPU\subj\55078
|9 73150
|
| 610 |
1 |
|
|a творчество
|
| 610 |
1 |
|
|a иллюстрации
|
| 610 |
1 |
|
|a памятники
|
| 675 |
|
|
|a 73.071
|v 4
|
| 700 |
|
1 |
|a Орехов
|b Ю. Г.
|g Юрий Григорьевич
|
| 701 |
|
1 |
|a Орехов
|b Ю. Ю.
|g Юрий Юрьевич
|
| 702 |
|
1 |
|a Бабурина
|b Н. М.
|g Надежда Михайловна
|4 220
|
| 801 |
|
1 |
|a RU
|b 63413507
|c 20181107
|
| 942 |
|
|
|c BK
|